00551nam a2200133 a 450000100060000000300090000600800410001502000130005604000280006911000140009724500420011126000490015350502150020218601CO-ViMGA141112s2004 ck r 000 u spa d a01219804 aCO-ViMGAbspacCO-ViMGA aEl Tiempo10aCARRUSEL No. 1298 NOVIEMBRE 12 - 2004 aBogotá, cCasa editorial el Tiempo, c2004 aLas mujeres no saben negociar 4 - - Obesidad y diabetes , la pareja perfecta 8 - - Al caido caerle : Chanzas en la televisión - Bromas pesadas 10 - - La leche : Algo más que una bebida - pros y contras 12